Chính thể đại diện

Tên sách tiếng Anh: Representative government 1861; Những khảo cứu mang tính nền tảng đối với các thiết chế chính trị - xã hội ở nước Anh và Hoa Kỳ thế kỷ XIX. Cung cấp những tri thức để hiểu được cơ sở của nền dân chủ phương Tây...

Full description

Saved in:
Bibliographic Details
Main Author: Mill, John Stuart
Other Authors: Nguyễn, Văn Trọng
Format: Book
Language:Undetermined
Published: H. Tri thức 2016
Subjects:
Online Access:http://lrc.tdmu.edu.vn/opac/search/detail.asp?aID=2&ID=29480
Tags: Add Tag
No Tags, Be the first to tag this record!
Institutions: Trung tâm Học liệu Trường Đại học Thủ Dầu Một
LEADER 01100nam a2200217Ia 4500
001 TDMU_29480
008 210410s9999 xx 000 0 und d
082 |a 428.3 
090 |b M309 
100 |a Mill, John Stuart 
245 0 |a Chính thể đại diện 
245 0 |c John Stuart Mill; Nguyễn Văn Trọng, Bùi Văn Nam Sơn (dịch, giới thiệu) 
260 |a H. 
260 |b Tri thức 
260 |c 2016 
300 |a 570tr. 
520 |a Tên sách tiếng Anh: Representative government 1861; Những khảo cứu mang tính nền tảng đối với các thiết chế chính trị - xã hội ở nước Anh và Hoa Kỳ thế kỷ XIX. Cung cấp những tri thức để hiểu được cơ sở của nền dân chủ phương Tây 
650 |a Chính thể  |x Chính trị  |x Dân chủ  |z Anh  |z Mỹ  |z Phương Tây 
700 |a Nguyễn, Văn Trọng 
856 |u http://lrc.tdmu.edu.vn/opac/search/detail.asp?aID=2&ID=29480 
980 |a Trung tâm Học liệu Trường Đại học Thủ Dầu Một